Hotel

Saved in:
Bibliographic Details
Main Author: Varga, Ivor-Jan (Author)
Other Authors: Húsenicová, Jarmila (Thesis advisor)
Format: Manuscript Book
Language:Slovak
Published: 2023
Subjects:
Online Access:http://is.stuba.sk/zp/portal_zp.pl?podrobnosti=171695
https://opac.crzp.sk/?fn=detailBiblioForm&sid=0A15AC6E5E2ED0F3D5D7C5342BCF
Tags: Add Tag
No Tags, Be the first to tag this record!

MARC

LEADER 00000ntm a22000003a 4500
001 stuzp93910
003 SK-STU
005 20230925093445.3
007 ta
008 150427s2015----xo-----f-mn---000-0-slo-d
040 |a STU  |b slo 
041 0 |a slo 
100 1 |a Varga, Ivor-Jan  |u 010310  |4 aut  |U SvF Stavebná fakulta  |T SvF Katedra architektúry  |X 93383  |U V181|V310  |Y 19  |7 93383 
242 0 1 |a Hotel  |y eng 
245 1 0 |a Hotel 
260 |c 2023 
650 4 |a hotel  |2 slo 
650 4 |a bakalárska práca  |2 slo 
650 4 |a wellness  |2 slo 
650 4 |a bachelor thesis  |2 eng 
650 4 |a wellness  |2 eng 
650 4 |a hotel  |2 eng 
700 1 |a Húsenicová, Jarmila  |4 ths  |X 901  |7 A000000901 
856 4 |u http://is.stuba.sk/zp/portal_zp.pl?podrobnosti=171695 
856 4 |u https://opac.crzp.sk/?fn=detailBiblioForm&sid=0A15AC6E5E2ED0F3D5D7C5342BCF